The name of the rose / (Record no. 1024)

000 -LEADER
fixed length control field 02009nam a22005057a 4500
001 - CONTROL NUMBER
control field 652076
003 - CONTROL NUMBER IDENTIFIER
control field OSt
005 - DATE AND TIME OF LATEST TRANSACTION
control field 20210426115808.0
008 - FIXED-LENGTH DATA ELEMENTS--GENERAL INFORMATION
fixed length control field 940407s1994 caua 000 1 eng
010 ## - LIBRARY OF CONGRESS CONTROL NUMBER
LC control number 94013818
020 ## - INTERNATIONAL STANDARD BOOK NUMBER
International Standard Book Number 0156001314
040 ## - CATALOGING SOURCE
Original cataloging agency DLC
Transcribing agency DLC
Modifying agency DLC
-- OCoLC
-- DLC
-- OCoLC
-- DLC
Language of cataloging eng
041 1# - LANGUAGE CODE
Language code of text/sound track or separate title eng
Language code of original ita
043 ## - GEOGRAPHIC AREA CODE
Geographic area code e-it---
050 00 - LIBRARY OF CONGRESS CALL NUMBER
Classification number PQ4865.C6
Item number N613 1994
080 ## - UNIVERSAL DECIMAL CLASSIFICATION NUMBER
Universal Decimal Classification number 821.111
Item number E-20
082 00 - DEWEY DECIMAL CLASSIFICATION NUMBER
Classification number 853/.914
Edition number 20
100 1# - MAIN ENTRY--PERSONAL NAME
Personal name Eco, Umberto.
240 10 - UNIFORM TITLE
Uniform title Nome della rosa.
Language of a work English
245 14 - TITLE STATEMENT
Title The name of the rose /
Statement of responsibility, etc. Umberto Eco ; translated from the Italian by William Weaver.
Remainder of title / by: Harcourt Brace
250 ## - EDITION STATEMENT
Edition statement 1st Harvest edition
260 ## - PUBLICATION, DISTRIBUTION, ETC.
Place of publication, distribution, etc. San Diego
Name of publisher, distributor, etc. Harcourt Brace
Date of publication, distribution, etc. 1994.
300 ## - PHYSICAL DESCRIPTION
Extent 536 p.
Other physical details ill.
Dimensions 21 cm.
365 ## - TRADE PRICE
Price amount 10.95 usd
440 #0 - SERIES STATEMENT/ADDED ENTRY--TITLE
Title Harvest in translation
490 0# - SERIES STATEMENT
Series statement A Harvest book
500 ## - GENERAL NOTE
General note "Including the author's postcript."
500 ## - GENERAL NOTE
General note "A Helen and Kurt Wolff book".
500 ## - GENERAL NOTE
General note Includes English translation of: Il postille a Il nome della rosa.
650 #0 - SUBJECT ADDED ENTRY--TOPICAL TERM
Topical term or geographic name entry element Monastic and religious life
Geographic subdivision Italy
General subdivision History
Chronological subdivision Middle Ages, 600-1500
General subdivision Fiction.
650 #0 - SUBJECT ADDED ENTRY--TOPICAL TERM
Topical term or geographic name entry element English literature
9 (RLIN) 254
650 #0 - SUBJECT ADDED ENTRY--TOPICAL TERM
Topical term or geographic name entry element Monastic libraries
Geographic subdivision Italy
General subdivision Fiction.
651 #0 - SUBJECT ADDED ENTRY--GEOGRAPHIC NAME
Geographic name Italy
General subdivision Church history
Chronological subdivision 476-1400
General subdivision Fiction.
653 ## - INDEX TERM--UNCONTROLLED
Uncontrolled term ინგლისური ლიტერატურა
655 #7 - INDEX TERM--GENRE/FORM
Genre/form data or focus term Detective and mystery stories.
Source of term gsafd
655 #7 - INDEX TERM--GENRE/FORM
Genre/form data or focus term Historical fiction.
Source of term gsafd
655 #7 - INDEX TERM--GENRE/FORM
Genre/form data or focus term Didactic fiction.
Source of term gsafd
700 12 - ADDED ENTRY--PERSONAL NAME
Personal name Eco, Umberto.
Title of a work Postille a Il nome della rosa.
Language of a work English.
700 #2 - ADDED ENTRY--PERSONAL NAME
Personal name Weaver, William
9 (RLIN) 720
Relator term Translator
856 42 - ELECTRONIC LOCATION AND ACCESS
Materials specified Publisher description
Uniform Resource Identifier <a href="http://www.loc.gov/catdir/description/har041/94013818.html">http://www.loc.gov/catdir/description/har041/94013818.html</a>
856 42 - ELECTRONIC LOCATION AND ACCESS
Materials specified Contributor biographical information
Uniform Resource Identifier <a href="http://www.loc.gov/catdir/enhancements/fy0733/94013818-b.html">http://www.loc.gov/catdir/enhancements/fy0733/94013818-b.html</a>
906 ## - LOCAL DATA ELEMENT F, LDF (RLIN)
a 7
b cbc
c orignew
d 1
e ocip
f 19
g y-gencatlg
942 ## - ADDED ENTRY ELEMENTS (KOHA)
Source of classification or shelving scheme
Koha item type Books
Edition 1
Holdings
Withdrawn status Lost status Source of classification or shelving scheme Damaged status Not for loan Permanent location Current location Date acquired Inventory number Total Checkouts Full call number Barcode Date last seen Price effective from Koha item type
          Ken Walker International University Ken Walker International University 01/28/2021 2511   821.111 E-20 2511 01/28/2021 01/28/2021 Books

Powered by Koha